[Event "Aeroflot Open 2012 A"]
[Site "Moscow"]
[Date "2012.02.14"]
[Round "8"]
[White "Grigoryan, Karen H"]
[Black "Safarli, Eltaj"]
[Result "1/2-1/2"]
[WhiteElo "2482"]
[BlackElo "2638"]
[PlyCount "81"]
[EventDate "2012.02.07"]
[EventType "swiss"]
[EventRounds "9"]
[EventCountry "RUS"]

1. c4 Nf6 2. Nf3 g6 3. g3 Bg7 4. Nc3 d5 5. cxd5 Nxd5 6. Nxd5 Qxd5 7. Bg2 O-O 8.
O-O Qd8 9. d3 c6 10. Qc2 Bg4 11. Rb1 a5 12. b4 axb4 13. Rxb4 Bc8 14. a4 Na6 15.
Rb1 Re8 16. Nd2 Nc7 17. Nc4 Ra6 18. e3 b5 19. axb5 cxb5 20. Nd2 Be6 21. d4 Ra2
22. Qd3 Bd5 23. e4 Bb7 24. Nf3 Qa8 25. Re1 Qa4 26. Bd2 Ra3 27. Qf1 Rb3 28. Rxb3
Qxb3 29. d5 Ra8 30. Rc1 Ne8 31. Bg5 Kf8 32. Nd2 Qa4 33. Qe1 h6 34. Be3 Rc8 35.
Rb1 Nd6 36. e5 Nf5 37. Ra1 Qc2 38. Ra7 Nxe3 39. Rxb7 Nxg2 40. Kxg2 Qd3 41. Rd7
1/2-1/2

[Event "Aeroflot Open 2012 A"]
[Site "Moscow"]
[Date "2012.02.14"]
[Round "8"]
[White "Sasikiran, Krishnan"]
[Black "Rakhmanov, Aleksandr"]
[Result "1/2-1/2"]
[WhiteElo "2700"]
[BlackElo "2593"]
[PlyCount "54"]
[EventDate "2012.02.07"]
[EventType "swiss"]
[EventRounds "9"]
[EventCountry "RUS"]

1. d4 Nf6 2. c4 g6 3. Nc3 d5 4. cxd5 Nxd5 5. g3 Bg7 6. Bg2 Nxc3 7. bxc3 O-O 8.
Nf3 c5 9. O-O cxd4 10. cxd4 Nc6 11. Rb1 Nxd4 12. Nxd4 Qxd4 13. Be3 Qxd1 14.
Rfxd1 Be6 15. Rxb7 Rad8 16. Rc1 Bxa2 17. Rxa7 Bb2 18. Rf1 Bc4 19. Bh6 Bg7 20.
Bxg7 Kxg7 21. Bf3 Kf6 22. Rc1 Be6 23. h4 Rc8 24. Rca1 Rfd8 25. Kg2 h6 26. R1a4
Rc4 27. Rxc4 Ke5 1/2-1/2

[Event "Aeroflot Open 2012 A"]
[Site "Moscow"]
[Date "2012.02.14"]
[Round "8"]
[White "Zvjaginsev, Vadim"]
[Black "Esen, Baris"]
[Result "1-0"]
[WhiteElo "2688"]
[BlackElo "2534"]
[PlyCount "71"]
[EventDate "2012.02.07"]
[EventType "swiss"]
[EventRounds "9"]
[EventCountry "RUS"]

1. e4 c5 2. Nf3 d6 3. Nc3 a6 4. Be2 Nf6 5. O-O g6 6. e5 dxe5 7. Nxe5 Bg7 8. Bf3
O-O 9. Re1 Ra7 10. a4 b6 11. d3 Ne8 12. Nc4 Nd6 13. Bf4 Be6 14. Nxd6 exd6 15.
Qc1 Re8 16. Bg5 f6 17. Bf4 Kh8 18. Qd2 f5 19. Bg5 Qd7 20. Nd5 Qf7 21. Nf4 Bxb2
22. Rab1 Be5 23. Nxe6 Qxe6 24. c3 Qf7 25. d4 Bg7 26. dxc5 dxc5 27. Rxe8+ Qxe8
28. Rxb6 Nd7 29. Rd6 Nf8 30. Bc6 Qe5 31. Rd8 Rf7 32. g3 h5 33. Re8 Qc7 34. Qd5
Bxc3 35. Bf4 Qa7 36. Bb8 1-0

[Event "Aeroflot Open 2012 A"]
[Site "Moscow"]
[Date "2012.02.14"]
[Round "8"]
[White "Zherebukh, Yaroslav"]
[Black "Akopian, Vladimir"]
[Result "1/2-1/2"]
[WhiteElo "2594"]
[BlackElo "2685"]
[PlyCount "73"]
[EventDate "2012.02.07"]
[EventType "swiss"]
[EventRounds "9"]
[EventCountry "RUS"]

1. e4 e6 2. d4 d5 3. Nc3 Bb4 4. e5 c5 5. a3 Bxc3+ 6. bxc3 Qa5 7. Bd2 Qa4 8. Qb1
c4 9. h4 Nc6 10. h5 Bd7 11. Ne2 O-O-O 12. g3 f6 13. f4 Nh6 14. Qb2 f5 15. Bg2
g6 16. Bf3 Rdg8 17. O-O-O Ng4 18. Bxg4 fxg4 19. hxg6 hxg6 20. f5 gxf5 21. Nf4
Qa5 22. Nh5 Qd8 23. Kb1 b6 24. Qc1 Qf8 25. Bg5 Rxg5 26. Qxg5 Qxa3 27. Nf4 Rxh1
28. Rxh1 Qxc3 29. Qg8+ Kb7 30. Qf7 Nb8 31. Rh8 Ka6 32. Rxb8 Qb4+ 33. Ka2 Qd2
34. Qxd7 Qxc2+ 35. Ka1 Qc1+ 36. Ka2 Qc2+ 37. Ka1 1/2-1/2

[Event "Aeroflot Open 2012 A"]
[Site "Moscow"]
[Date "2012.02.14"]
[Round "8"]
[White "Shomoev, Anton"]
[Black "Balogh, Csaba"]
[Result "1-0"]
[WhiteElo "2570"]
[BlackElo "2665"]
[PlyCount "77"]
[EventDate "2012.02.07"]
[EventType "swiss"]
[EventRounds "9"]
[EventCountry "RUS"]

1. d4 d5 2. c4 e6 3. Nc3 Bb4 4. cxd5 exd5 5. Bf4 c6 6. e3 Ne7 7. h4 Bd6 8. Qf3
Bxf4 9. Qxf4 Be6 10. h5 Nd7 11. Bd3 Qb8 12. Qg5 Kf8 13. g4 h6 14. Qh4 Qd6 15.
Nge2 f6 16. Nf4 Bf7 17. Qg3 Ke8 18. O-O-O Kd8 19. Bf5 Kc8 20. Kb1 b6 21. Ng6
Nxf5 22. Qxd6 Nxd6 23. Nxh8 Be8 24. f3 b5 25. Rhe1 Nb6 26. Ng6 Bxg6+ 27. hxg6
Kd7 28. Ne2 Re8 29. Ng3 Nbc4 30. e4 dxe4 31. fxe4 Kc7 32. b3 Na3+ 33. Kb2 b4
34. e5 fxe5 35. dxe5 Ndb5 36. e6 Nc3 37. Rd7+ Kb6 38. e7 Nd5 39. Nf5 1-0

[Event "Aeroflot Open 2012 A"]
[Site "Moscow"]
[Date "2012.02.14"]
[Round "8"]
[White "Ragger, Markus"]
[Black "Sethuraman, S.P."]
[Result "1-0"]
[WhiteElo "2655"]
[BlackElo "2529"]
[PlyCount "73"]
[EventDate "2012.02.07"]
[EventType "swiss"]
[EventRounds "9"]
[EventCountry "RUS"]

1. d4 Nf6 2. c4 e6 3. Nf3 d5 4. Nc3 Be7 5. Bg5 O-O 6. e3 h6 7. Bh4 Nbd7 8. Rc1
c6 9. Bd3 dxc4 10. Bxc4 b5 11. Bd3 Bb7 12. O-O Rc8 13. Qe2 b4 14. Na4 c5 15.
Ba6 Bxa6 16. Qxa6 cxd4 17. Nxd4 Nc5 18. Nxc5 Bxc5 19. Bxf6 gxf6 20. Nb3 Bb6 21.
Rxc8 Qxc8 22. Qxc8 Rxc8 23. Rc1 Rd8 24. Kf1 f5 25. Ke2 Rd5 26. Rc4 Rb5 27. g3
Kg7 28. Kd3 e5 29. Rc2 Rd5+ 30. Ke2 f4 31. e4 Rd6 32. Nd2 Rd4 33. b3 a5 34. Rc6
Bd8 35. Nf3 Rxe4+ 36. Kd3 f5 37. g4 1-0

[Event "Aeroflot Open 2012 A"]
[Site "Moscow"]
[Date "2012.02.14"]
[Round "8"]
[White "Tukhaev, Adam"]
[Black "Gupta, Abhijeet"]
[Result "1/2-1/2"]
[WhiteElo "2537"]
[BlackElo "2652"]
[PlyCount "128"]
[EventDate "2012.02.07"]
[EventType "swiss"]
[EventRounds "9"]
[EventCountry "RUS"]

1. e4 e6 2. d4 d5 3. e5 c5 4. c3 Nc6 5. Nf3 Bd7 6. Be2 Nge7 7. O-O Nf5 8. dxc5
Bxc5 9. Bd3 Nh4 10. Nbd2 O-O 11. Nxh4 Qxh4 12. Nf3 Qh5 13. Re1 f5 14. b4 Bb6
15. a4 f4 16. Ba3 Rf7 17. c4 g5 18. h3 g4 19. hxg4 Qxg4 20. Nh2 Qg7 21. Qg4 Bd4
22. cxd5 Nxe5 23. Rxe5 Bxe5 24. Re1 Bc3 25. dxe6 Qxg4 26. Nxg4 Bxe1 27. exf7+
Kxf7 28. Ne5+ Ke6 29. Nxd7 Kxd7 30. Bxh7 Re8 31. Bd3 Kd6 32. Bc1 Ke5 33. Bb2+
Kd5 34. b5 Bd2 35. Kh2 Kc5 36. Kh3 Kb4 37. Kg4 Rd8 38. Bf1 Kxa4 39. Be5 Be1 40.
Bxf4 Bxf2 41. Kf3 Bc5 42. Be2 Rf8 43. Ke4 Re8+ 44. Kf3 Bd4 45. g4 Rxe2 46. Kxe2
Kxb5 47. Kd3 Kc5 48. Ke4 a5 49. Bh6 Bb2 50. Bf8+ Kc6 51. g5 Kd7 52. Kd5 Ke8 53.
Bd6 Bg7 54. g6 Kd7 55. Ba3 b6 56. Bd6 Bb2 57. Bf8 Ke8 58. Bd6 a4 59. Kc6 Bd4
60. Kb5 Bc5 61. Bxc5 bxc5 62. Kxa4 Ke7 63. Kb5 Kf6 64. Kxc5 Kxg6 1/2-1/2

[Event "Aeroflot Open 2012 A"]
[Site "Moscow"]
[Date "2012.02.14"]
[Round "8"]
[White "Nepomniachtchi, Ian"]
[Black "Salgado Lopez, Ivan"]
[Result "1/2-1/2"]
[WhiteElo "2735"]
[BlackElo "2618"]
[PlyCount "61"]
[EventDate "2012.02.07"]
[EventType "swiss"]
[EventRounds "9"]
[EventCountry "RUS"]

1. c4 Nf6 2. Nc3 e5 3. Nf3 Nc6 4. e3 Bb4 5. Qc2 O-O 6. Nd5 Re8 7. Qf5 d6 8.
Nxf6+ Qxf6 9. Qxf6 gxf6 10. a3 Bc5 11. b4 Bb6 12. d3 f5 13. Be2 f4 14. exf4 Bf5
15. Nh4 Bd7 16. O-O exf4 17. Ra2 Nd4 18. Bd1 a5 19. b5 d5 20. Nf3 dxc4 21. Nxd4
Bxd4 22. dxc4 Bf5 23. Rd2 Bc3 24. Rd5 Be4 25. Rg5+ Kh8 26. Bf3 Bd3 27. Rd1 Bc2
28. Rf1 Bd3 29. Rd1 Bc2 30. Rf1 Bd3 31. Rd1 1/2-1/2

[Event "Aeroflot Open 2012 A"]
[Site "Moscow"]
[Date "2012.02.14"]
[Round "8"]
[White "Khismatullin, Denis"]
[Black "Ju, Wenjun"]
[Result "1-0"]
[WhiteElo "2664"]
[BlackElo "2552"]
[PlyCount "71"]
[EventDate "2012.02.07"]
[EventType "swiss"]
[EventRounds "9"]
[EventCountry "RUS"]

1. d4 Nf6 2. c4 g6 3. f3 Bg7 4. e4 d6 5. Be3 O-O 6. Nc3 e5 7. d5 Nh5 8. Qd2
Qh4+ 9. g3 Nxg3 10. Qf2 Nxf1 11. Qxh4 Nxe3 12. Ke2 Nxc4 13. Rc1 Na6 14. Nd1 Nb6
15. Ne3 Bd7 16. Nh3 Bb5+ 17. Kd2 c6 18. Rhg1 f6 19. f4 Rf7 20. f5 g5 21. Qh5
Nc5 22. Nf2 cxd5 23. exd5 e4 24. h4 Raf8 25. hxg5 fxg5 26. Rxg5 Kh8 27. Rcg1
Nbd7 28. Rxg7 Rxg7 29. Rxg7 Kxg7 30. Nfg4 Rf6 31. Nxf6 Nxf6 32. Qh2 Ne8 33. Ng4
Nd7 34. Qh6+ Kg8 35. Qg5+ Kf8 36. f6 1-0

[Event "Aeroflot Open 2012 A"]
[Site "Moscow"]
[Date "2012.02.14"]
[Round "8"]
[White "Alsina Leal, Daniel"]
[Black "Iturrizaga, Eduardo"]
[Result "0-1"]
[WhiteElo "2535"]
[BlackElo "2649"]
[PlyCount "86"]
[EventDate "2012.02.07"]
[EventType "swiss"]
[EventRounds "9"]
[EventCountry "RUS"]

1. e4 c5 2. Nf3 Nc6 3. d4 cxd4 4. Nxd4 e6 5. Nc3 Qc7 6. Be3 a6 7. Qd2 Nf6 8.
O-O-O Be7 9. f3 h5 10. Nxc6 bxc6 11. Bf4 e5 12. Bg5 O-O 13. h3 Rd8 14. g4 Bb7
15. gxh5 d5 16. Bd3 Nxh5 17. Rdg1 Kf8 18. exd5 Nf4 19. Bxf4 exf4 20. Qg2 Bf6
21. Qg4 cxd5 22. Qh5 Rac8 23. Qh8+ Ke7 24. Re1+ Kd6 25. Qh5 Kc6 26. Na4 Rh8 27.
Qg4 Rce8 28. Rxe8 Rxe8 29. Rd1 Re3 30. a3 g6 31. Kb1 Bc8 32. Qg2 Qa5 33. Nc3
Bxc3 34. bxc3 Qxc3 35. Qg5 Qe5 36. Qd8 Qc7 37. Qh8 Rxf3 38. Qc3+ Kd6 39. Qf6+
Be6 40. Be4 Qb6+ 41. Ka2 d4+ 42. Bd5 Kxd5 43. c4+ Kxc4 0-1

[Event "Aeroflot Open 2012 A"]
[Site "Moscow"]
[Date "2012.02.14"]
[Round "8"]
[White "Jumabayev, Rinat"]
[Black "Nisipeanu, Liviu-Dieter"]
[Result "1/2-1/2"]
[WhiteElo "2573"]
[BlackElo "2647"]
[PlyCount "90"]
[EventDate "2012.02.07"]
[EventType "swiss"]
[EventRounds "9"]
[EventCountry "RUS"]

1. d4 Nf6 2. c4 e6 3. Nc3 Bb4 4. g3 c5 5. Nf3 cxd4 6. Nxd4 O-O 7. Bg2 d5 8.
cxd5 Nxd5 9. Qb3 Nc6 10. Nxc6 bxc6 11. Bd2 Rb8 12. Qc2 Ba6 13. Bf3 Nxc3 14.
bxc3 Bc5 15. O-O e5 16. c4 Qd6 17. Bc3 Qe6 18. Qe4 f6 19. Qxc6 Qxc6 20. Bxc6
Bxc4 21. Rfc1 Ba3 22. Rc2 Be6 23. Ba5 Rfc8 24. Rd1 Kf7 25. Kg2 Bb4 26. Bxb4
Rxb4 27. f3 Ke7 28. Kf2 Rc7 29. Rdc1 f5 30. h4 g6 31. Ke3 a5 32. Kf2 Kd6 33. a3
Rb3 34. a4 Rb8 35. Bb5 Rxc2 36. Rxc2 Rc8 37. Rd2+ Ke7 38. Rd3 h6 39. Ke3 Rc2
40. f4 e4 41. Rd1 h5 42. Rd2 Rc3+ 43. Kd4 Rc1 44. Ke3 Rc3+ 45. Kd4 Rc1 1/2-1/2

[Event "Aeroflot Open 2012 A"]
[Site "Moscow"]
[Date "2012.02.14"]
[Round "8"]
[White "Ni, Hua"]
[Black "Vidit, Santosh Gujrathi"]
[Result "1-0"]
[WhiteElo "2641"]
[BlackElo "2513"]
[PlyCount "79"]
[EventDate "2012.02.07"]
[EventType "swiss"]
[EventRounds "9"]
[EventCountry "RUS"]

1. e4 c6 2. d4 d5 3. e5 Bf5 4. Nf3 e6 5. Be2 c5 6. Be3 cxd4 7. Nxd4 Ne7 8. Nd2
Nbc6 9. N2f3 Bg4 10. O-O Bxf3 11. Nxf3 Nf5 12. Bf4 Be7 13. Bd3 g5 14. Bxf5 exf5
15. Be3 f4 16. Bd4 Rg8 17. e6 fxe6 18. Ne5 Nxe5 19. Bxe5 g4 20. Bxf4 Bd6 21.
Qd4 Bxf4 22. Qxf4 Qb6 23. c4 d4 24. c5 Qxc5 25. Rac1 Rf8 26. Qxg4 Qd6 27. Rfe1
Kf7 28. Re4 e5 29. f4 Qg6 30. Qd7+ Kg8 31. Qd5+ Qf7 32. Qxe5 Rae8 33. Qxd4 Rxe4
34. Qxe4 Qxa2 35. Rc7 Qa1+ 36. Kf2 Qxb2+ 37. Kg3 Qb3+ 38. Kh4 Rf7 39. Qe8+ Rf8
40. Qe5 1-0

[Event "Aeroflot Open 2012 A"]
[Site "Moscow"]
[Date "2012.02.14"]
[Round "8"]
[White "Khairullin, Ildar"]
[Black "Yilmaz, Mustafa"]
[Result "1/2-1/2"]
[WhiteElo "2638"]
[BlackElo "2521"]
[PlyCount "115"]
[EventDate "2012.02.07"]
[EventType "swiss"]
[EventRounds "9"]
[EventCountry "RUS"]

1. d4 d5 2. c4 c6 3. e3 Nf6 4. Nc3 a6 5. Nf3 Bf5 6. Qb3 Ra7 7. cxd5 cxd5 8. Ne5
e6 9. Bd2 Be7 10. Be2 h6 11. O-O O-O 12. Rfc1 Nbd7 13. Nxd7 Nxd7 14. Na4 Re8
15. Bb4 Bf6 16. Nc5 Nb8 17. Qa4 b6 18. Nd3 Qd7 19. Qxd7 Nxd7 20. Rc6 e5 21.
Nxe5 Nxe5 22. dxe5 Bxe5 23. Rxb6 Bxb2 24. Rd1 d4 25. Bc5 Rc7 26. Rxb2 Rxc5 27.
exd4 Ra5 28. d5 Be4 29. d6 Bd5 30. Rdb1 Be6 31. f3 Rxa2 32. Rxa2 Bxa2 33. Rb2
Be6 34. Bxa6 g5 35. Kf2 Kg7 36. g3 Kf6 37. f4 Ra8 38. Rb6 gxf4 39. gxf4 Rg8 40.
Be2 Ra8 41. Ba6 Rg8 42. Bb5 Rc8 43. d7 Ra8 44. Bc6 Rg8 45. Rb7 Ke7 46. Bb5 Ra8
47. Ke3 Ra1 48. Rb8 Bxd7 49. Rb7 Rd1 50. Ke4 Re1+ 51. Kd5 Rd1+ 52. Kc5 Rc1+ 53.
Kb6 Rd1 54. Kc5 Rc1+ 55. Kd5 Rd1+ 56. Ke4 Re1+ 57. Kf3 Rd1 58. Ke4 1/2-1/2

[Event "Aeroflot Open 2012 A"]
[Site "Moscow"]
[Date "2012.02.14"]
[Round "8"]
[White "Mamedov, Rauf"]
[Black "Dubov, Daniil"]
[Result "1/2-1/2"]
[WhiteElo "2636"]
[BlackElo "2498"]
[PlyCount "58"]
[EventDate "2012.02.07"]
[EventType "swiss"]
[EventRounds "9"]
[EventCountry "RUS"]

1. e4 c5 2. Nf3 d6 3. d4 cxd4 4. Qxd4 Nc6 5. Bb5 Bd7 6. Bxc6 Bxc6 7. Nc3 h6 8.
Be3 e5 9. Qd3 Nf6 10. O-O-O Be7 11. h3 Qa5 12. Nd2 Rd8 13. Nb3 Qc7 14. Qc4 Rd7
15. f3 O-O 16. Nd5 Bxd5 17. Qxc7 Rxc7 18. exd5 Nd7 19. Kb1 Bg5 20. Bf2 f5 21.
Rhe1 Kf7 22. c3 h5 23. Kc2 h4 24. a4 Rh8 25. a5 a6 26. Kd3 Nf6 27. Bb6 Rcc8 28.
c4 Nh5 29. Kc3 Nf4 1/2-1/2

[Event "Aeroflot Open 2012 A"]
[Site "Moscow"]
[Date "2012.02.14"]
[Round "8"]
[White "Zhigalko, Andrey"]
[Black "Sandipan, Chanda"]
[Result "1-0"]
[WhiteElo "2576"]
[BlackElo "2628"]
[PlyCount "69"]
[EventDate "2012.02.07"]
[EventType "swiss"]
[EventRounds "9"]
[EventCountry "RUS"]

1. e4 c5 2. Nf3 d6 3. d4 cxd4 4. Nxd4 Nf6 5. Nc3 a6 6. h3 e6 7. g4 b5 8. Bg2
Qc7 9. O-O b4 10. Na4 Bb7 11. Re1 Be7 12. a3 bxa3 13. Rxa3 O-O 14. Rc3 Qa5 15.
Rb3 Ra7 16. Nb6 Bd8 17. Bd2 Qc5 18. Be3 Bxb6 19. Ne2 Qc4 20. Rxb6 Nxe4 21. Rb3
Nc5 22. Bxc5 Qxc5 23. Bxb7 d5 24. Qd4 Nd7 25. Bc6 Qa5 26. Rc3 Rc7 27. Bxd7 Rxd7
28. Nf4 Rb7 29. Nh5 f5 30. g5 f4 31. Rxe6 Qa1+ 32. Kh2 Qxb2 33. Qxd5 Rb5 34.
Qd4 Rxg5 35. Re7 1-0

[Event "Aeroflot Open 2012 A"]
[Site "Moscow"]
[Date "2012.02.14"]
[Round "8"]
[White "Pap, Gyula"]
[Black "Sjugirov, Sanan"]
[Result "0-1"]
[WhiteElo "2533"]
[BlackElo "2622"]
[PlyCount "86"]
[EventDate "2012.02.07"]
[EventType "swiss"]
[EventRounds "9"]
[EventCountry "RUS"]

1. c4 Nf6 2. Nc3 g6 3. g3 Bg7 4. Bg2 O-O 5. e4 c5 6. Nge2 Nc6 7. O-O d6 8. d3
Bg4 9. f3 Bd7 10. Be3 a6 11. Qd2 Ne8 12. d4 cxd4 13. Nxd4 Nxd4 14. Bxd4 b5 15.
cxb5 axb5 16. Rfd1 Bxd4+ 17. Qxd4 Nc7 18. e5 Ne6 19. Qe3 dxe5 20. Nxb5 Qb8 21.
Rxd7 Qxb5 22. Rd2 Rfd8 23. Rxd8+ Rxd8 24. b3 Nd4 25. Rf1 Nf5 26. Qc3 Qb6+ 27.
Kh1 Ne3 28. Rc1 Rd1+ 29. Rxd1 Nxd1 30. Qa1 Nf2+ 31. Kg1 Qe3 32. h4 Nd1+ 33. Kh2
Qe2 34. a4 Ne3 35. Qg1 f5 36. Kh3 f4 37. a5 e4 38. a6 Qxa6 39. gxf4 Qe2 40.
fxe4 Qg4+ 41. Kh2 Qxf4+ 42. Kh1 Qxh4+ 43. Qh2 Qxh2+ 0-1

[Event "Aeroflot Open 2012 A"]
[Site "Moscow"]
[Date "2012.02.14"]
[Round "8"]
[White "Grigoriants, Sergey"]
[Black "Yu, Yangyi"]
[Result "1/2-1/2"]
[WhiteElo "2570"]
[BlackElo "2631"]
[PlyCount "59"]
[EventDate "2012.02.07"]
[EventType "swiss"]
[EventRounds "9"]
[EventCountry "RUS"]

1. c4 Nf6 2. Nf3 c5 3. Nc3 e6 4. g3 b6 5. Bg2 Bb7 6. O-O Be7 7. d4 cxd4 8. Qxd4
d6 9. Rd1 a6 10. b3 Nbd7 11. Ng5 Bxg2 12. Kxg2 O-O 13. Nge4 Qc7 14. Bb2 Rad8
15. Kg1 Nc5 16. Nxc5 bxc5 17. Qf4 Qb7 18. e4 h6 19. Rd3 Nd7 20. Na4 Ne5 21.
Bxe5 dxe5 22. Qf3 f5 23. Rxd8 Rxd8 24. Re1 Rd4 25. Qh5 Rxe4 26. Rxe4 Qxe4 27.
Qe8+ Kh7 28. Qxe7 Qe1+ 29. Kg2 Qe4+ 30. Kg1 1/2-1/2

[Event "Aeroflot Open 2012 A"]
[Site "Moscow"]
[Date "2012.02.14"]
[Round "8"]
[White "Ghaem Maghami, Ehsan"]
[Black "Negi, Parimarjan"]
[Result "1/2-1/2"]
[WhiteElo "2570"]
[BlackElo "2641"]
[PlyCount "44"]
[EventDate "2012.02.07"]
[EventType "swiss"]
[EventRounds "9"]
[EventCountry "RUS"]

1. c4 c6 2. e4 d5 3. cxd5 cxd5 4. exd5 Nf6 5. Bb5+ Nbd7 6. Nc3 g6 7. d4 Bg7 8.
d6 exd6 9. Qe2+ Qe7 10. Bf4 Bf8 11. O-O-O Qxe2 12. Bxe2 Nb6 13. Bf3 Be7 14. Re1
Be6 15. Nh3 Kd7 16. Ng5 Bd5 17. Nxd5 Nfxd5 18. Bd2 f5 19. Ne6 Bf6 20. Re2 Rhe8
21. Rhe1 Rac8+ 22. Kb1 Nc7 1/2-1/2

[Event "Aeroflot Open 2012 A"]
[Site "Moscow"]
[Date "2012.02.14"]
[Round "8"]
[White "Solak, Dragan"]
[Black "Morovic Fernandez, Ivan"]
[Result "1/2-1/2"]
[WhiteElo "2613"]
[BlackElo "2582"]
[PlyCount "35"]
[EventDate "2012.02.07"]
[EventType "swiss"]
[EventRounds "9"]
[EventCountry "RUS"]

1. e4 c5 2. Nf3 d6 3. d4 cxd4 4. Nxd4 Nf6 5. Nc3 Nc6 6. Bg5 e6 7. Qd2 Be7 8.
O-O-O Nxd4 9. Qxd4 O-O 10. f4 Qa5 11. h4 Rd8 12. Qe3 h6 13. Bd3 Bd7 14. Qg3 Nh5
15. Qf3 Nf6 16. Qg3 Nh5 17. Qf3 Nf6 18. Qg3 1/2-1/2

[Event "Aeroflot Open 2012 A"]
[Site "Moscow"]
[Date "2012.02.14"]
[Round "8"]
[White "Ponkratov, Pavel"]
[Black "Adhiban, B."]
[Result "1-0"]
[WhiteElo "2611"]
[BlackElo "2561"]
[PlyCount "107"]
[EventDate "2012.02.07"]
[EventType "swiss"]
[EventRounds "9"]
[EventCountry "RUS"]

1. e4 e5 2. Nf3 Nc6 3. Bc4 Nf6 4. d3 Be7 5. O-O O-O 6. Re1 d6 7. c3 Kh8 8. Nbd2
Nd7 9. d4 Nb6 10. Bb5 exd4 11. cxd4 f5 12. Bxc6 bxc6 13. Qc2 g5 14. Nf1 fxe4
15. Qxe4 Nd5 16. Ne3 Rf4 17. Qc2 Nb4 18. Qb3 g4 19. Nxg4 Rxg4 20. Qxb4 Qg8 21.
g3 Be6 22. Qc3 Rf8 23. Bh6 Rf5 24. d5+ Bf6 25. Qxc6 Bf7 26. Re3 Rg6 27. Rae1
Rxh6 28. Re8 Rxf3 29. Rxg8+ Bxg8 30. Kg2 Rf5 31. Re8 Rg6 32. Qxc7 Bd4 33. f3
Re5 34. Rxe5 Bxe5 35. Qxa7 Bxd5 36. Kf2 Rg8 37. Qb6 Bxa2 38. f4 Rf8 39. Kg1 Bf6
40. Qxd6 Kg7 41. b4 Bb1 42. b5 Be4 43. b6 h5 44. h3 Rf7 45. g4 hxg4 46. hxg4
Bb7 47. g5 Be7 48. Qe5+ Kh7 49. Kh2 Ba6 50. Qe4+ Kg7 51. g6 Rf6 52. Qxe7+ Kxg6
53. Qa7 Bc8 54. Qa8 1-0

[Event "Aeroflot Open 2012 A"]
[Site "Moscow"]
[Date "2012.02.14"]
[Round "8"]
[White "Ipatov, Alexander"]
[Black "Gundavaa, Bayarsaikhan"]
[Result "1/2-1/2"]
[WhiteElo "2586"]
[BlackElo "2493"]
[PlyCount "67"]
[EventDate "2012.02.07"]
[EventType "swiss"]
[EventRounds "9"]
[EventCountry "RUS"]

1. d4 Nf6 2. c4 e6 3. Nc3 Bb4 4. e3 O-O 5. a3 Bxc3+ 6. bxc3 c5 7. Bd3 Nc6 8.
Ne2 b6 9. e4 Ne8 10. O-O Ba6 11. Ng3 Na5 12. f4 Bxc4 13. Bxc4 Nxc4 14. f5 cxd4
15. cxd4 f6 16. Rf4 exf5 17. Nxf5 Ned6 18. Qb3 Nxf5 19. Qxc4+ d5 20. exd5 Rc8
21. Qb3 Qd7 22. Bd2 Rfd8 23. Re1 Nd6 24. Bb4 Qb5 25. Qf3 a5 26. Bxd6 Rxd6 27.
Rh4 Qxd5 28. Qh3 Rc2 29. Re8+ Kf7 30. Rhe4 Rc1+ 31. Kf2 Rc2+ 32. Ke1 Rc1+ 33.
Kf2 Rc2+ 34. Ke1 1/2-1/2

[Event "Aeroflot Open 2012 A"]
[Site "Moscow"]
[Date "2012.02.14"]
[Round "8"]
[White "Lu, Shanglei"]
[Black "Le, Quang Liem"]
[Result "0-1"]
[WhiteElo "2516"]
[BlackElo "2714"]
[PlyCount "54"]
[EventDate "2012.02.07"]
[EventType "swiss"]
[EventRounds "9"]
[EventCountry "RUS"]

1. e4 c5 2. Nf3 d6 3. d4 cxd4 4. Nxd4 Nf6 5. Nc3 a6 6. Bg5 Nbd7 7. f4 Qc7 8.
Qe2 e6 9. O-O-O b5 10. g3 b4 11. Nd5 exd5 12. exd5+ Be7 13. Re1 O-O 14. Qxe7
Re8 15. Qxe8+ Nxe8 16. Rxe8+ Nf8 17. Bd3 f6 18. Bh4 Bb7 19. Rhe1 Rxe8 20. Rxe8
Qf7 21. Rb8 Qxd5 22. b3 Qxd4 23. Rxb7 g5 24. fxg5 Qe3+ 25. Kb1 Qe1+ 26. Kb2
Qe5+ 27. Kb1 fxg5 0-1

[Event "Aeroflot Open 2012 A"]
[Site "Moscow"]
[Date "2012.02.14"]
[Round "8"]
[White "Guseinov, Gadir"]
[Black "Szabo, Krisztian"]
[Result "1-0"]
[WhiteElo "2634"]
[BlackElo "2547"]
[PlyCount "71"]
[EventDate "2012.02.07"]
[EventType "swiss"]
[EventRounds "9"]
[EventCountry "RUS"]

1. e4 e5 2. Nf3 Nc6 3. Bb5 a6 4. Bxc6 dxc6 5. O-O Bg4 6. h3 Bh5 7. g4 Bg6 8.
Nxe5 Qh4 9. Qf3 f6 10. Nxg6 hxg6 11. Kg2 g5 12. d3 Ne7 13. Rh1 Qh7 14. Kf1 Qg8
15. e5 Rh6 16. Nc3 O-O-O 17. Bd2 Ng6 18. exf6 gxf6 19. Qxf6 Be7 20. Qf5+ Kb8
21. Re1 Nh4 22. Qe4 Bd6 23. Be3 Rf8 24. Qd4 Nf3 25. Qa7+ Kc8 26. Ne4 Nxe1 27.
Kxe1 Qxa2 28. Nxd6+ Kd7 29. Nf5 Rxf5 30. gxf5 Qb1+ 31. Kd2 Qxh1 32. Qd4+ Ke8
33. Bxg5 Qxh3 34. Qd8+ Kf7 35. Qe7+ Kg8 36. f6 1-0

[Event "Aeroflot Open 2012 A"]
[Site "Moscow"]
[Date "2012.02.14"]
[Round "8"]
[White "Jankovic, Alojzije"]
[Black "Bukavshin, Ivan"]
[Result "1/2-1/2"]
[WhiteElo "2568"]
[BlackElo "2517"]
[PlyCount "130"]
[EventDate "2012.02.07"]
[EventType "swiss"]
[EventRounds "9"]
[EventCountry "RUS"]

1. d4 Nf6 2. c4 g6 3. Nc3 Bg7 4. e4 O-O 5. Be2 d6 6. Nf3 e5 7. O-O Nc6 8. d5
Ne7 9. Ne1 Ne8 10. Nd3 f5 11. Bd2 fxe4 12. Nxe4 Nf5 13. Bc3 Nf6 14. Bf3 Nh4 15.
Nxf6+ Qxf6 16. Be4 Bf5 17. Qe2 Bxe4 18. Qxe4 Qf5 19. Rae1 Qxe4 20. Rxe4 Nf5 21.
g4 Nh6 22. Kg2 b6 23. h3 g5 24. Bd2 Nf7 25. Ree1 Bf6 26. f3 Nh8 27. Nf2 Ng6 28.
Ne4 h6 29. b4 Be7 30. a4 a6 31. Ra1 Rf7 32. Be1 Nf4+ 33. Kh2 Raf8 34. Ra3 Ne2
35. Re3 Nd4 36. Kg2 Nc2 37. Rd3 Nd4 38. Bc3 Ne2 39. Bd2 Nd4 40. Rf2 Nc2 41. Kg3
Kh7 42. Bc3 Na3 43. c5 dxc5 44. bxc5 Bxc5 45. Nxc5 bxc5 46. Bxe5 Nc4 47. Ba1
Rd8 48. Rc2 Nb6 49. Rxc5 Nxa4 50. Rc6 Nb6 51. d6 Nc8 52. Rdc3 Nxd6 53. Rxc7
Rdf8 54. R7c6 Nb5 55. Re3 Nc7 56. Rd3 Nd5 57. Rb3 a5 58. Ra6 Nf4 59. Rbb6 Ne6
60. Kg2 Rxf3 61. Rb7+ Kg8 62. Rxe6 Rf2+ 63. Kg1 Rf1+ 64. Kg2 R1f2+ 65. Kg1 Rf1+
1/2-1/2

[Event "Aeroflot Open 2012 A"]
[Site "Moscow"]
[Date "2012.02.14"]
[Round "8"]
[White "Venkatesh, M.R."]
[Black "Gopal G.N."]
[Result "0-1"]
[WhiteElo "2499"]
[BlackElo "2566"]
[PlyCount "54"]
[EventDate "2012.02.07"]
[EventType "swiss"]
[EventRounds "9"]
[EventCountry "RUS"]

1. e4 c5 2. b3 d6 3. Bb2 Nf6 4. Bb5+ Bd7 5. Bxd7+ Qxd7 6. d3 g6 7. Nc3 Bg7 8.
Nd5 O-O 9. Nxf6+ exf6 10. Qf3 Nc6 11. Ne2 Nb4 12. Kd1 d5 13. exd5 Nxd5 14. Nc3
Nxc3+ 15. Bxc3 Rfe8 16. Re1 b5 17. Bxf6 c4 18. Bxg7 Kxg7 19. c3 b4 20. Re3 bxc3
21. Kc2 Rxe3 22. Qxe3 Re8 23. Qf3 Qd4 24. Rd1 cxb3+ 25. axb3 Re5 26. Ra1 Rf5
27. Ra4 Qf6 0-1

[Event "Aeroflot Open 2012 A"]
[Site "Moscow"]
[Date "2012.02.14"]
[Round "8"]
[White "Ulibin, Mikhail"]
[Black "Shyam, Sundar M"]
[Result "1/2-1/2"]
[WhiteElo "2587"]
[BlackElo "2462"]
[PlyCount "85"]
[EventDate "2012.02.07"]
[EventType "swiss"]
[EventRounds "9"]
[EventCountry "RUS"]

1. d4 Nf6 2. c4 g6 3. Nc3 d5 4. cxd5 Nxd5 5. Bd2 Bg7 6. e4 Nb6 7. Be3 O-O 8. h3
Nc6 9. Nf3 f5 10. exf5 gxf5 11. Qd2 Be6 12. Bh6 Nxd4 13. Nxd4 Qxd4 14. Qxd4
Bxd4 15. Bxf8 Rxf8 16. Rc1 c6 17. Be2 Bf7 18. O-O e5 19. Rfd1 a5 20. b3 Kg7 21.
Kf1 Ra8 22. Rc2 a4 23. Nxa4 Nxa4 24. bxa4 Rxa4 25. Rb1 Ra7 26. Bc4 Bg6 27. f4
exf4 28. Rd2 c5 29. Rb6 Kh6 30. Bd5 Kg5 31. Rxb7 Ra3 32. Rb3 Ra4 33. Rc2 Bh5
34. Rb7 Bg6 35. Ke2 Ra3 36. Rb3 Bh5+ 37. Kd3 Ra4 38. Rb1 Be3 39. Bc4 Ra7 40.
Bd5 Ra4 41. Bc4 Ra7 42. Bd5 Ra4 43. Bc4 1/2-1/2